000 00945nac a22002777a 4500
001 BR7603465
003 BR-BrBNA
005 20240105113953.0
008 230509b bl.|||m| |||| 00| 0 por d
040 _aBR-BrBNA
_bpor
_cBiblioteca Nacional de Agricultura
072 _aF10
090 _aF10 BR7603465
100 1 _aPinto, H.S.
100 1 _aAlfonsi, R.R.
110 1 _aDepartamento Nacional de Meteorologia, Brasilia, DF (Brasil)
_93291
245 1 _aEstimativa das temperaturas medias, maximas e minimas mensais no estado do Parana, em funcao de altitude e latitude [climatologia, Brasil]
260 3 _aBrasilia, DF (Brasil):
_c1976.
300 _a46 p.
490 _aBoletim Tecnico - Departamento Nacional de Meteorologia (Brazil)
_vno. 11
_x
500 _aNumerical data
650 _aCLIMATOLOGIA
650 _aTEMPERATURA
650 _aPARANA
909 _a202312
_bLúcia Elande
_c55
_dLúcia Elande
942 _2AGRIS
_n0
_cMS
999 _c266644
_d266644